[Event "Bosnjaci op 28th"]
[Site "Bosnjaci"]
[Date "2024.01.04"]
[Round "3"]
[White "Sipic, Hrvoje"]
[Black "Zaja, Ivan"]
[Result "1/2-1/2"]
[WhiteElo "2185"]
[BlackElo "2419"]
[PlyCount "138"]
[EventDate "2024.01.03"]
[EventType "swiss"]
[EventRounds "9"]
[EventCountry "CRO"]
[SourceTitle "CB02_2024"]
[SourceDate "2024.01.10"]
[SourceVersion "1"]
[SourceVersionDate "2024.01.10"]
[SourceQuality "1"]

1. e4 e5 2. Nf3 Nc6 3. Bb5 a6 4. Ba4 Nf6 5. d3 b5 6. Bb3 Bc5 7. a4 Rb8 8. 0-0 0-0 9. axb5 axb5 10. Bg5 h6 11. Bh4 Be7 12. Nc3 d6 13. h3 g5 14. Nxg5 hxg5 15. Bxg5 Nd4 16. f4 Nxb3 17. cxb3 b4 18. Ne2 Nh7 19. Bh6 Re8 20. Qd2 d5 21. Rf3 Rb6 22. f5 Bf8 23. Be3 Ra6 24. Rxa6 Bxa6 25. Rg3+ Kh8 26. exd5 Bb7 27. Bg5 f6 28. Bh6 Bxh6 29. Qxh6 Rg8 30. Rg6 Qxd5 31. d4 exd4 32. Rxg8+ Kxg8 33. Qg6+ Kf8 34. Nf4 Qf7 35. Ne6+ Ke7 36. Qxf7+ Kxf7 37. Nd8+ Ke7 38. Nxb7 Ng5 39. Nc5 Kd6 40. Nd3 c5 41. Kf2 Ne4+ 42. Kf3 Nd2+ 43. Kf4 Nxb3 44. h4 c4 45. Nxb4 d3 46. Ke3 Ke5 47. g4 d2 48. Ke2 Kf4 49. h5 Kg5 50. Nd5 Nc5 51. Kxd2 Kxg4 52. h6 Ne4+ 53. Kc2 Ng5 54. Nxf6+ Kxf5 55. h7 Nf7 56. Nd5 Kg6 57. Kc3 Kxh7 58. Kxc4 Kg7 59. Kc5 Ne5 60. Nf4 Kf7 61. Kd5 Nd7 62. Kc6 Ne5+ 63. Kd5 Nd7 64. b4 Ke7 65. Ne6 Nf6+ 66. Ke5 Ng4+ 67. Kf4 Kxe6 68. Kxg4 Kd5 69. Kf4 Kc4 1/2-1/2

[Event "Bundesliga 2324"]
[Site "Germany"]
[Date "2023.10.21"]
[Round "1.1"]
[White "Zaja, Ivan"]
[Black "Wong, Gengchun"]
[Result "1-0"]
[WhiteElo "2424"]
[BlackElo "2252"]
[PlyCount "137"]
[EventDate "2023.10.21"]
[EventType "team-tourn"]
[EventRounds "15"]
[EventCountry "GER"]
[SourceTitle "Mega2024 Update 01"]
[Source "Chessbase"]
[SourceDate "2023.11.12"]
[SourceVersion "1"]
[SourceVersionDate "2023.11.12"]
[SourceQuality "1"]
[WhiteTeam "Kirchweyhe"]
[BlackTeam "Dresden TU"]
[WhiteTeamCountry "GER"]
[BlackTeamCountry "GER"]

1. d4 d5 2. c4 e6 3. Nc3 Nf6 4. Nf3 c6 5. Bg5 h6 6. Bxf6 Qxf6 7. e3 g6 8. Bd3 Bg7 9. 0-0 0-0 10. Re1 Nd7 11. Rc1 dxc4 12. Bxc4 Rd8 13. Qc2 b6 14. a4 Bb7 15. Rcd1 Rac8 16. Qe2 Qe7 17. Ba6 Bxa6 18. Qxa6 Rc7 19. Qc4 Rdc8 20. e4 Qf8 21. e5 a5 22. Ne4 Qb4 23. Qc2 c5 24. d5 Nxe5 25. Nxe5 Bxe5 26. dxe6 Re8 27. Nc3 Rxe6 28. Re4 Bxc3 29. Rxe6 Qxb2 30. Rxg6+ Kh7 31. Qxb2 Bxb2 32. Rxb6 Bg7 33. Rb5 c4 34. Rc1 c3 35. Rc2 Rd7 36. Kf1 Ra7 37. Ke2 Ra6 38. Rd5 Kg6 39. Kd3 Ra7 40. Re2 Ra6 41. Re4 Rc6 42. Kc2 Rb6 43. Rb5 Rd6 44. Re2 Ra6 45. g4 Bf6 46. f4 Ra7 47. h4 Bxh4 48. Ree5 Bf6 49. Rxa5 Rd7 50. Rad5 Rb7 51. Rb5 Rd7 52. Rb6 Kg7 53. Rxf6 Kxf6 54. Kxc3 Rd1 55. Rf5+ Kg6 56. Rc5 Rg1 57. Rc4 Kf6 58. f5 Kg5 59. a5 Ra1 60. Kb4 h5 61. gxh5 Kxf5 62. Kb5 Kg5 63. Rc5+ f5 64. a6 Kg4 65. h6 f4 66. h7 Rb1+ 67. Kc6 Rb8 68. a7 Rh8 69. Ra5 1-0

[Event "CRO-chT1A 31st"]
[Site "Veli Losinj"]
[Date "2023.10.13"]
[Round "3.4"]
[White "Galic, Ivan"]
[Black "Zaja, Ivan"]
[Result "1/2-1/2"]
[WhiteElo "2421"]
[BlackElo "2424"]
[PlyCount "48"]
[EventDate "2023.10.11"]
[EventType "team-tourn"]
[EventRounds "7"]
[EventCountry "CRO"]
[SourceTitle "Mega2024 Update 01"]
[Source "Chessbase"]
[SourceDate "2023.11.12"]
[SourceVersion "1"]
[SourceVersionDate "2023.11.12"]
[SourceQuality "1"]
[WhiteTeam "Sesvete Agroproteinka"]
[BlackTeam "Kastel Novi"]
[WhiteTeamCountry "CRO"]
[BlackTeamCountry "CRO"]

1. c4 Nf6 2. Nc3 e6 3. e4 d5 4. e5 d4 5. exf6 dxc3 6. bxc3 Qxf6 7. Nf3 c5 8. d4 h6 9. Bd3 Nc6 10. 0-0 Bd6 11. Be3 0-0 12. Nd2 cxd4 13. cxd4 Rd8 14. Ne4 Qe7 15. Nxd6 Qxd6 16. Qh5 Nxd4 17. Rad1 e5 18. f4 exf4 19. Rxf4 g6 20. Bxg6 Qxg6 21. Qxg6+ fxg6 22. Rfxd4 Rxd4 23. Rxd4 Be6 24. Bxh6 Rc8 1/2-1/2

[Event "Lignano Bella Italia op 2nd"]
[Site "Lignano Sabbiadoro"]
[Date "2023.08.19"]
[Round "4"]
[White "Golubka, Petr"]
[Black "Zaja, Ivan"]
[Result "1-0"]
[WhiteElo "2421"]
[BlackElo "2421"]
[PlyCount "67"]
[EventDate "2023.08.17"]
[EventType "swiss"]
[EventRounds "9"]
[EventCountry "ITA"]
[SourceTitle "EXT 2024"]
[Source "ChessBase"]
[SourceDate "2023.10.10"]
[SourceVersion "1"]
[SourceVersionDate "2023.10.10"]
[SourceQuality "1"]

1. d4 Nf6 2. c4 e6 3. Nc3 Bb4 4. f3 c6 5. a3 Ba5 6. e4 d6 7. b4 Bc7 8. Bd3 a5 9. Rb1 axb4 10. axb4 e5 11. dxe5 dxe5 12. Nge2 Nbd7 13. Be3 Nf8 14. 0-0 Ne6 15. c5 0-0 16. Bc4 b5 17. Bb3 Nf4 18. Nxf4 exf4 19. Bf2 Be5 20. Ne2 Qc7 21. Bd4 Bxd4+ 22. Qxd4 Rd8 23. Qc3 Be6 24. Bxe6 fxe6 25. Rfd1 Kf7 26. Rd6 Rxd6 27. cxd6 Qb6+ 28. Qd4 Qxd4+ 29. Nxd4 e5 30. Nxc6 Ke6 31. Rd1 Rc8 32. Na7 Rc4 33. Nxb5 Rxb4 34. d7 1-0

[Event "Bosnjaci op 27th"]
[Site "Bosnjaci"]
[Date "2023.01.08"]
[Round "8"]
[White "Starcevic, Ante Leon"]
[Black "Zaja, Ivan"]
[Result "1/2-1/2"]
[WhiteElo "2192"]
[BlackElo "2424"]
[PlyCount "109"]
[EventDate "2023.01.03"]
[EventType "swiss"]
[EventRounds "9"]
[EventCountry "CRO"]
[SourceTitle "CBM 212 Extra"]
[Source "ChessBase"]
[SourceDate "2023.03.31"]
[SourceVersion "1"]
[SourceVersionDate "2023.03.31"]
[SourceQuality "1"]

1. d4 e6 2. Nf3 c5 3. c3 d5 4. Bf4 Nc6 5. e3 Bd6 6. Nbd2 Nf6 7. Bg3 0-0 8. Bd3 b6 9. e4 Be7 10. e5 Nh5 11. Ng5 Bxg5 12. Qxh5 g6 13. Qe2 h5 14. Nf3 cxd4 15. cxd4 Nb4 16. Nxg5 Nxd3+ 17. Qxd3 Qxg5 18. h4 Qg4 19. 0-0 a5 20. Qe3 Ba6 21. Rfe1 Kh7 22. Kh2 Rac8 23. f3 Qf5 24. Rac1 Bc4 25. b3 Bd3 26. Bf4 Rc2 27. Rxc2 Bxc2 28. Rc1 Rc8 29. Bg5 b5 30. Qf4 Qxf4+ 31. Bxf4 Kg7 32. Bg5 Kf8 33. a3 Ke8 34. Kg3 Kd7 35. Bd2 a4 36. bxa4 bxa4 37. Bb4 Rc4 38. Bc5 Bb3 39. Rg1 Bc2 40. Kf4 Kc6 41. Kg5 Rxc5 42. dxc5 d4 43. Kf4 Kxc5 44. Rc1 d3 45. Ke3 Kd5 46. f4 Kc4 47. Kd2 Kb3 48. Rf1 Kxa3 49. Kc3 Ka2 50. g3 a3 51. Rg1 Bb1 52. Rg2+ Bc2 53. Rg1 Bb1 54. Rh1 Bc2 55. Rg1 1/2-1/2

[Event "CRO-chT1A 30th"]
[Site "Porec"]
[Date "2022.10.02"]
[Round "9.3"]
[White "Zaja, Ivan"]
[Black "Krsnik Cohar, Ivan Vihor"]
[Result "1/2-1/2"]
[WhiteElo "2417"]
[BlackElo "2296"]
[PlyCount "21"]
[EventDate "2022.09.24"]
[EventType "team-tourn"]
[EventRounds "9"]
[EventCountry "CRO"]
[SourceTitle "CBM 210 Extra"]
[Source "ChessBase"]
[SourceDate "2022.11.30"]
[SourceVersion "1"]
[SourceVersionDate "2022.11.30"]
[SourceQuality "1"]
[WhiteTeam "Kastel Novi"]
[BlackTeam "Pula"]
[WhiteTeamCountry "CRO"]
[BlackTeamCountry "CRO"]

1. e4 c6 2. d4 d5 3. exd5 cxd5 4. Bd3 Nc6 5. c3 Qc7 6. Nf3 Bg4 7. h3 Bh5 8. Nbd2 e6 9. 0-0 Nf6 10. Re1 Bd6 11. Nf1 1/2-1/2

[Event "CRO-chT1A 30th"]
[Site "Porec"]
[Date "2022.09.25"]
[Round "2.2"]
[White "Petkov, Vladimir"]
[Black "Zaja, Ivan"]
[Result "1/2-1/2"]
[WhiteElo "2451"]
[BlackElo "2417"]
[PlyCount "23"]
[EventDate "2022.09.24"]
[EventType "team-tourn"]
[EventRounds "9"]
[EventCountry "CRO"]
[SourceTitle "CBM 210 Extra"]
[Source "ChessBase"]
[SourceDate "2022.11.30"]
[SourceVersion "1"]
[SourceVersionDate "2022.11.30"]
[SourceQuality "1"]
[WhiteTeam "Zagreb Zagreb"]
[BlackTeam "Kastel Novi"]
[WhiteTeamCountry "CRO"]
[BlackTeamCountry "CRO"]

1. d4 Nf6 2. c4 e6 3. Nf3 b6 4. g3 Bb7 5. Bg2 Be7 6. 0-0 0-0 7. Nc3 Ne4 8. Bd2 Nxd2 9. Qxd2 d6 10. Rad1 Nd7 11. e4 Bf6 12. Qe2 1/2-1/2

[Event "Hum na Sutli op 14th"]
[Site "Hum na Sutli"]
[Date "2022.08.26"]
[Round "9"]
[White "Kodric, Gasper"]
[Black "Zaja, Ivan"]
[Result "1/2-1/2"]
[WhiteElo "1901"]
[BlackElo "2424"]
[PlyCount "53"]
[EventDate "2022.08.20"]
[EventType "swiss"]
[EventRounds "9"]
[EventCountry "CRO"]
[SourceTitle "CBM 210 Extra"]
[Source "ChessBase"]
[SourceDate "2022.11.30"]
[SourceVersion "1"]
[SourceVersionDate "2022.11.30"]
[SourceQuality "1"]

1. c4 b6 2. g3 Bb7 3. Nf3 e6 4. Bg2 f5 5. 0-0 Nf6 6. Nc3 Bb4 7. Qc2 0-0 8. a3 Bxc3 9. Qxc3 d6 10. d4 Nbd7 11. b4 a5 12. Bb2 Qe7 13. Rac1 axb4 14. axb4 Ne4 15. Qc2 Ndf6 16. Ng5 h6 17. Nxe4 Bxe4 18. Bxe4 Nxe4 19. c5 d5 20. f3 Nf6 21. b5 Rfb8 22. cxb6 Rxb6 23. Qxc7 Qxc7 24. Rxc7 Rxb5 25. Bc1 Ra4 26. Be3 Rb3 27. Kf2 1/2-1/2

[Event "Split op 11th"]
[Site "Split"]
[Date "2022.07.20"]
[Round "6"]
[White "Pijpers, Arthur"]
[Black "Zaja, Ivan"]
[Result "1/2-1/2"]
[WhiteElo "2458"]
[BlackElo "2445"]
[PlyCount "68"]
[EventDate "2022.07.16"]
[EventType "swiss"]
[EventRounds "9"]
[EventCountry "CRO"]
[SourceTitle "CBM 209 Extra"]
[Source "ChessBase"]
[SourceDate "2022.09.30"]
[SourceVersion "1"]
[SourceVersionDate "2022.09.30"]
[SourceQuality "1"]

1. e4 e5 2. Nf3 Nc6 3. Bb5 a6 4. Ba4 Nf6 5. 0-0 b5 6. Bb3 Bc5 7. a4 Rb8 8. axb5 axb5 9. Nxe5 Nxe5 10. d4 Bxd4 11. Qxd4 d6 12. f4 c5 13. Qd2 Nc4 14. Bxc4 bxc4 15. e5 Ne4 16. Qd5 Bb7 17. Qxc4 0-0 18. Ra3 d5 19. Qe2 f5 20. Nc3 d4 21. Qc4+ Kh8 22. Nxe4 Bxe4 23. Qxc5 Rc8 24. Qb4 Rxc2 25. Rg3 Rf7 26. Rd1 Qe8 27. Bd2 Rb7 28. Qa5 Rbxb2 29. h3 d3 30. e6 Qxe6 31. Qd8+ Qg8 32. Qd4 Rxd2 33. Rxd2 Rxd2 34. Rxg7 Qxg7 1/2-1/2

[Event "Solta op 5th"]
[Site "Grohote"]
[Date "2022.07.09"]
[Round "8"]
[White "Zaja, Ivan"]
[Black "Kostov, Deyan Samuil"]
[Result "1-0"]
[WhiteElo "2445"]
[BlackElo "2188"]
[PlyCount "79"]
[EventDate "2022.07.02"]
[EventType "swiss"]
[EventRounds "9"]
[EventCountry "CRO"]
[SourceTitle "EXT 2023"]
[Source "ChessBase"]
[SourceDate "2022.10.05"]
[SourceVersion "1"]
[SourceVersionDate "2022.10.05"]
[SourceQuality "1"]

1. d4 d5 2. c4 dxc4 3. e3 Nf6 4. Bxc4 e6 5. Nf3 c5 6. 0-0 a6 7. Qe2 Nbd7 8. a4 b6 9. e4 Bb7 10. d5 e5 11. Nc3 g6 12. Ng5 h6 13. Nh3 g5 14. f4 g4 15. Nf2 Bd6 16. Nxg4 Nxg4 17. Qxg4 Qe7 18. f5 Nf6 19. Qe2 h5 20. Bg5 h4 21. Rf3 Kd7 22. Rh3 Rag8 23. Rxh4 Rxh4 24. Bxh4 Qf8 25. Bxf6 Qh6 26. Bxa6 Bxa6 27. Qxa6 Qxf6 28. Qb7+ Ke8 29. Qc8+ Qd8 30. Qc6+ Kf8 31. Nb5 Bb8 32. f6 Rg4 33. d6 Rf4 34. d7 Rxf6 35. Qc8 Ke7 36. Rd1 Rg6 37. Nc3 Rg8 38. Nd5+ Ke6 39. Qc6+ Bd6 40. Nf4+ 1-0

[Event "BL2-Nord 2122"]
[Site "Germany"]
[Date "2022.05.14"]
[Round "5.8"]
[White "Rudolf, Henrik"]
[Black "Zaja, Ivan"]
[Result "0-1"]
[WhiteElo "2278"]
[BlackElo "2449"]
[PlyCount "96"]
[EventDate "2022.03.05"]
[EventType "team-tourn"]
[EventRounds "10"]
[EventCountry "GER"]
[SourceTitle "EXT 2023"]
[Source "ChessBase"]
[SourceDate "2022.10.05"]
[SourceVersion "1"]
[SourceVersionDate "2022.10.05"]
[SourceQuality "1"]
[WhiteTeam "Berlin SF II"]
[BlackTeam "Kirchweyhe"]
[WhiteTeamCountry "GER"]
[BlackTeamCountry "GER"]

1. e4 c5 2. Nf3 e6 3. d4 cxd4 4. Nxd4 Bb4+ 5. c3 Be7 6. Bd3 Nc6 7. 0-0 d6 8. f4 Nf6 9. Be3 e5 10. Nf5 Bxf5 11. exf5 e4 12. Bc2 d5 13. h3 h5 14. b4 Qd7 15. b5 Na5 16. Nd2 b6 17. Bd4 Rc8 18. Qe2 Bc5 19. Nf3 Qxf5 20. Ne5 Nd7 21. Rf2 h4 22. Bb3 Bxd4 23. cxd4 Nf6 24. Nc6 Nxc6 25. bxc6 Rc7 26. Rc1 0-0 27. Qb5 Rd8 28. Bd1 Rd6 29. a4 e3 30. Rf3 Qe4 31. Rc3 Qxd4 32. Rd3 Qc5 33. Rfxe3 Rdxc6 34. Bf3 Re6 35. Qxc5 bxc5 36. Kf2 d4 37. Rxe6 fxe6 38. Ke2 Nd5 39. Bxd5 exd5 40. Rb3 Kf7 41. Rb5 Ke6 42. Kd3 c4+ 43. Kxd4 c3 44. f5+ Kf6 45. Rb1 c2 46. Rc1 Kxf5 47. Kxd5 Kf4 48. Kd6 Rc3 0-1

[Event "CRO-chT1A 29th"]
[Site "Mali Losinj"]
[Date "2021.10.02"]
[Round "8.1"]
[White "Beliavsky, Alexander G"]
[Black "Zaja, Ivan"]
[Result "1-0"]
[WhiteElo "2514"]
[BlackElo "2461"]
[PlyCount "116"]
[EventDate "2021.09.25"]
[EventType "team-tourn"]
[EventRounds "9"]
[EventCountry "CRO"]
[SourceTitle "CBM 204 Extra"]
[Source "ChessBase"]
[SourceDate "2021.11.30"]
[SourceVersion "1"]
[SourceVersionDate "2021.11.30"]
[SourceQuality "1"]
[WhiteTeam "Sesvete Agroproteinka"]
[BlackTeam "Kastel Novi"]
[WhiteTeamCountry "CRO"]
[BlackTeamCountry "CRO"]

1. d4 Nf6 2. c4 e6 3. Nf3 Bb4+ 4. Bd2 Qe7 5. g3 Nc6 6. Nc3 Bxc3 7. Bxc3 Ne4 8. Rc1 d6 9. d5 Nxc3 10. Rxc3 Nd8 11. Bg2 0-0 12. 0-0 Bd7 13. Nd2 a5 14. f4 Rb8 15. Qc1 exd5 16. cxd5 c5 17. Nc4 Bb5 18. Ne3 Bd7 19. Nc4 Bb5 20. Re3 Qc7 21. g4 f6 22. h4 Re8 23. g5 Rxe3 24. Nxe3 fxg5 25. hxg5 Bd7 26. Qc2 Nf7 27. Be4 h6 28. g6 Nh8 29. Bf5 Re8 30. Be6+ Bxe6 31. dxe6 Qe7 32. f5 Qg5+ 33. Ng2 Nxg6 34. fxg6 Rxe6 35. Qf5 Rxg6 36. Qxg5 Rxg5 37. Rf3 b5 38. Kf2 Rd5 39. Ke1 Rd4 40. Ne3 g6 41. Nc2 Rd5 42. a4 b4 43. Rd3 Rxd3 44. exd3 Kf7 45. Ne3 Ke6 46. Nc4 d5 47. Nxa5 Kd7 48. Nb3 Kc6 49. Nd2 h5 50. Kf2 Kb6 51. b3 h4 52. d4 c4 53. bxc4 dxc4 54. Nxc4+ Kc6 55. Nd2 g5 56. Kf3 h3 57. Kg3 g4 58. Nb3 Kd5 1-0

[Event "CRO-chT1A 29th"]
[Site "Mali Losinj"]
[Date "2021.09.30"]
[Round "6.2"]
[White "Zaja, Ivan"]
[Black "Saric, Ante"]
[Result "1/2-1/2"]
[WhiteElo "2461"]
[BlackElo "2538"]
[PlyCount "60"]
[EventDate "2021.09.25"]
[EventType "team-tourn"]
[EventRounds "9"]
[EventCountry "CRO"]
[SourceTitle "CBM 204 Extra"]
[Source "ChessBase"]
[SourceDate "2021.11.30"]
[SourceVersion "1"]
[SourceVersionDate "2021.11.30"]
[SourceQuality "1"]
[WhiteTeam "Kastel Novi"]
[BlackTeam "Split Mornar"]
[WhiteTeamCountry "CRO"]
[BlackTeamCountry "CRO"]

1. d4 Nf6 2. c4 e6 3. Nf3 d5 4. Nc3 c5 5. cxd5 Nxd5 6. e4 Nxc3 7. bxc3 cxd4 8. cxd4 Bb4+ 9. Bd2 Bxd2+ 10. Qxd2 0-0 11. Rc1 b6 12. Bd3 Bb7 13. 0-0 Nd7 14. Qf4 h6 15. h3 Rc8 16. Rxc8 Qxc8 17. Rc1 Qb8 18. Qxb8 Rxb8 19. Rc7 Nf6 20. Ne5 Bxe4 21. Bxe4 Nxe4 22. Rxa7 Rd8 23. Rxf7 Rxd4 24. Rb7 Rd5 25. Ng6 Rd1+ 26. Kh2 Nxf2 27. Rxb6 Rd2 28. a4 Ra2 29. Ra6 Nd3 30. Rxe6 Rxa4 1/2-1/2

[Event "Solta op 4th"]
[Site "Grohote"]
[Date "2021.08.12"]
[Round "6"]
[White "Zaja, Ivan"]
[Black "Cvitkovic, Filip"]
[Result "1-0"]
[WhiteElo "2457"]
[BlackElo "2132"]
[PlyCount "101"]
[EventDate "2021.08.08"]
[EventType "swiss"]
[EventRounds "9"]
[EventCountry "CRO"]
[SourceTitle "CBM 203 Extra"]
[Source "ChessBase"]
[SourceDate "2021.09.30"]
[SourceVersion "1"]
[SourceVersionDate "2021.09.30"]
[SourceQuality "1"]

1. c4 g6 2. Nc3 Bg7 3. d4 f5 4. h4 Nc6 5. d5 Ne5 6. e4 d6 7. h5 e6 8. Nf3 Nxf3+ 9. Qxf3 Qe7 10. Bd3 Bxc3+ 11. bxc3 exd5 12. cxd5 fxe4 13. Qxe4 Bf5 14. Qxe7+ Nxe7 15. Bxf5 gxf5 16. c4 b5 17. cxb5 Nxd5 18. Bb2 Rg8 19. 0-0-0 Nb6 20. g3 a6 21. Bd4 Nc4 22. Rhe1+ Kd7 23. bxa6 Rxa6 24. Re2 Rga8 25. Kb1 Na3+ 26. Ka1 Rc6 27. Bb2 Rc2 28. Rxc2 Nxc2+ 29. Kb1 Na3+ 30. Ka1 c5 31. f3 Ra4 32. Rg1 Nc2+ 33. Kb1 Ne3 34. Re1 Nc4 35. Bf6 d5 36. Re7+ Kd6 37. Rxh7 d4 38. h6 d3 39. Rh8 Ke6 40. Bc3 Na3+ 41. Kc1 Rc4 42. Kb2 Nb5 43. Re8+ Kf7 44. h7 Rxc3 45. h8Q Rc2+ 46. Kb3 Nd4+ 47. Ka3 d2 48. Qf8+ Kg6 49. Qd6+ Kh5 50. Rh8+ Kg5 51. Qh6# 1-0